| 000 | 00746nam a2200193 i 4500 | ||
|---|---|---|---|
| 001 | 140261 | ||
| 003 | ES-MaACL | ||
| 005 | 20251002203815.0 | ||
| 007 | t| | ||
| 008 | 070214s1936 sp r ||||1| spa d | ||
| 100 | 1 |
_aSchumacher-Marieufrid, S. _9104807 |
|
| 245 | 1 | 0 |
_aCompendio de histología humana para estudiantes de medicina, odontología y ciencias naturales / _cS. Schumacher-Marieufrid ; traducción de la 1 ª. edición alemana por E. Fernández Galiano. |
| 260 |
_aBarcelona : _b[s.n.], _c1936 ( _fTalls. Gráf. Ibero-americanos) |
||
| 300 |
_aX, 252 p. ; _c24 cm. |
||
| 650 | 4 |
_aHistología. _9164981 |
|
| 700 | 1 |
_aFernández Galiano, Emilio, _d1885-1953 _949799 |
|
| 852 |
_aES-MaACL _jA-5079 _bR.17057 |
||
| 999 |
_c140261 _d140261 |
||